000
00264nam a2200097Ia 4500
001
683196
005
20250826161433.0
008
250824s9999 xx 000 0 und d
245
0
_a
AŞKIN GÖZYAŞLARI II MEVLANA
_c
SİNAN YAĞMUR
260
_b
KARATAY AKADEMİ YAYINLARI
999
_c
683196
_d
683196